Möglichkeiten und Risiken bei den Tourismus Investitionen in Kroatien

Na minha lista:
Detalhes bibliográficos
Autor principal: Blazević, Branko
Formato: Capítulo de Livro
Idioma:alemão
Assuntos:
Tags: Adicionar Tag
Sem tags, seja o primeiro a adicionar uma tag!

MARC

LEADER 00000naa$a2200000$$$4500
001 0021360
005 20221128113346.8
041 0 |a ger 
044 |a SK 
245 1 0 |a Möglichkeiten und Risiken bei den Tourismus Investitionen in Kroatien  |c Branko Blazević 
610 2 0 |a ruch cestovný 
610 2 0 |a rozvoj regionálny 
610 2 0 |a trhy 
610 2 0 |a investície 
610 2 0 |a efektívnosť investícií ekonomická 
610 2 0 |a hotelierstvo 
610 2 0 |a podnikanie 
610 2 0 |a analýza swot 
610 2 0 |a Chorvátsko 
100 1 |a Blazević, Branko